000 00443nam a2200181Ia 4500
005 20230719165912.0
008 230719b |||||||| |||| 00| 0 eng d
020 _a978-81-259-4679-3
082 _a005.133
_bROU
100 _aSusant K. Rout
245 _aC Programming: Test Your Knowledge
250 _a1st
260 _bVikas publishing House
500 _a50
650 _aComputer Science
856 _uGeneral Stacks
942 _cBK
999 _c50805
_d50805